Statistics for Which British National Rail TOC?

Click here to take the quiz!

General Stats

  • This quiz has been taken 36 times
  • The average score is 15 of 22

Answer Stats

From...To...Answer% Correct
LeedsBristol Temple MeadsCrossCountry
83%
London MaryleboneOxfordChiltern Railways
80%
NorthamptonBirmingham New StreetWest Midlands Trains
80%
HullLondon King's CrossHull Trains
77%
SheffieldLeicesterEast Midlands Railway
74%
GloucesterBath SpaGreat Western Railway
74%
DumfriesCarlisleScotRail
71%
London EustonStoke-on-TrentAvanti West Coast
69%
NorwichColchesterGreater Anglia
69%
Enfield TownLondon Liverpool StreetLondon Overground
69%
BournemouthLondon WaterlooSouth Western Railway
69%
CambridgeBrightonGovia Thameslink
66%
London VictoriaRochesterSoutheastern
66%
Southend CentralLondon Fenchurch Streetc2c
63%
PeterboroughLincolnLondon North Eastern Railway
63%
ChesterLiverpool Lime StreetMerseyrail
63%
Wakefield KirkgateNottinghamNorthern
63%
Manchester PiccadillyHuddersfieldTransPennine Express
60%
London PaddingtonTaplowElizabeth Line
54%
CreweHerefordTransport for Wales Rail
54%
PrestonInvernessCaledonian Sleeper
51%
HartlepoolYorkGrand Central
40%

Score Distribution

Percentile by Number Answered

Percent of People with Each Score

Your Score History

You have not taken this quiz